国際連合非自治地域リスト - Statistics

General Stats
  • This quiz has been taken 131 times
  • The average score is 4 of 17
Answer Stats
非自治地域 リスト % Correct
アフリカ 西サハラ サハラ・アラブ民主共和国とモロッコが領有を主張しており、大半をモロッコが実効支配している。
97%
アジア・太平洋地域 ニューカレドニア フランスの海外領土。フランスからの独立闘争を経て、2018年と2020年、2021年に独立の是非を問う住民投票が行われたが、いずれも否決された。2021年投票は実施時期をめぐって独立派が反発し、投票結果を認めない動きもある。
33%
大西洋・カリブ海地域 イギリス領ヴァージン諸島 イギリスの海外領土。アメリカ領ヴァージン諸島と隣接。
26%
アジア・太平洋地域 グアム アメリカ合衆国の海外領土(自治的・未編入領域)。アメリカ合衆国のコモンウェルスである北マリアナ諸島と隣接。
26%
大西洋・カリブ海地域 アメリカ領ヴァージン諸島 アメリカ合衆国の海外領土(自治的・未編入領域)。
24%
アジア・太平洋地域 アメリカ領サモア アメリカ合衆国の海外領土(非自治的・未編入領域に区分されるが、自治が行われている)。サモア独立国と隣接。トケラウはスウェインズ島の領有権を主張。
24%
大西洋・カリブ海地域 ケイマン諸島 イギリスの海外領土。
22%
ヨーロッパ ジブラルタル イギリスの海外領土、スペインも領有を主張。2002年、イギリスとスペインによる共同主権が提案されたが、住民投票によって否決された。
21%
大西洋・カリブ海地域 アンギラ イギリスの海外領土。1967年から1969年にかけて、当時成立したセントクリストファー=ネイビス=アンギラ自治領政府(現:セントクリストファー・ネイビス)との関係悪化により、独立を宣言していた。
19%
大西洋・カリブ海地域 バミューダ諸島 イギリスの海外領土。1995年に同国からの独立を問う住民投票が実施されたが、否決された。
19%
アジア・太平洋地域 フランス領ポリネシア フランスの海外領土。ナウル、ツバル、ソロモン諸島によって国連総会に提案され、2013年5月18日に再びリストに掲載されることが決議された。
17%
大西洋・カリブ海地域 セントヘレナ (現:セントヘレナ・アセンションおよびトリスタンダクーニャ) - イギリスの海外領土。
16%
大西洋・カリブ海地域 モントセラト イギリスの海外領土。
16%
大西洋・カリブ海地域 タークス・カイコス諸島 イギリスの海外領土。
15%
大西洋・カリブ海地域 フォークランド諸島(マルビナス諸島) イギリスの海外領土、アルゼンチンも領有を主張。1982年には両国間でフォークランド紛争が発生した。
15%
アジア・太平洋地域 トケラウ ニュージーランド領。2006年、および2007年に自由連合国への移行を問う住民投票が実施されたが、否決された。
15%
アジア・太平洋地域 ピトケアン諸島 イギリスの海外領土。
10%
No matching quizzes found
Score Distribution
Percent of People with Each Score
Percentile by Number Answered
Your Score History
You have not taken this quiz